[Event "Olomouc 2011 - Open Olomouc"]
[Site "Olomouc (CZE)"]
[Date "2011.08.06"]
[Round "3.8"]
[White "Chudinovskikh, Alexander M"]
[Black "Truman, Richard G"]
[Result "1/2-1/2"]
[WhiteElo "2302"]
[BlackElo "1991"]
[PlyCount "41"]
[EventDate "2011.08.04"]

1. e4 e5 2. Nf3 Nc6 3. Bc4 Nf6 4. d3 Bc5 5. c3 d6 6. O-O O-O 7. h3 Be6 8. Nbd2
Qd7 9. Qe2 Bb6 10. Re1 Rfe8 11. Bb5 a6 12. Ba4 Ba7 13. Nf1 b5 14. Bc2 h6 15.
Ng3 d5 16. Nh4 dxe4 17. dxe4 Bxh3 18. gxh3 Qxh3 19. Nhf5 Ng4 20. Be3 Qh2+ 21.
Kf1 1/2-1/2

[Event "Olomouc 2011 - Open Olomouc"]
[Site "Olomouc (CZE)"]
[Date "2011.08.06"]
[Round "3.10"]
[White "Rjabzev, Konstantin"]
[Black "Rodmacq, Clement"]
[Result "1/2-1/2"]
[WhiteElo "2271"]
[BlackElo "1978"]
[PlyCount "73"]
[EventDate "2011.08.04"]

1. e4 e5 2. Nc3 Nc6 3. g3 f5 4. exf5 Nf6 5. g4 Bc5 6. Nh3 O-O 7. Bg2 d5 8. d3
Nxg4 9. Bxd5+ Kh8 10. Qxg4 Bxf5 11. Qg3 Nb4 12. Bg5 Qd7 13. Bg2 Nxc2+ 14. Kd2
Nb4 15. Ne4 Qd4 16. Rhc1 Qxb2+ 17. Kd1 Rad8 18. Bxd8 Rxd8 19. Nxc5 Nxd3 20.
Nxd3 Bxd3 21. Qxd3 Rxd3+ 22. Ke1 e4 23. Rab1 Qxa2 24. Kf1 g5 25. Kg1 e3 26.
fxe3 Rd2 27. Bf1 Qe6 28. Rc4 Qxe3+ 29. Kh1 Qf3+ 30. Kg1 g4 31. Re1 gxh3 32.
Re8+ Kg7 33. Rxc7+ Kg6 34. Re6+ Kg5 35. Rg7+ Kh5 36. Rxh7+ Kg5 37. Rg7+ 1/2-1/2

[Event "Olomouc 2011 - Open Olomouc"]
[Site "Olomouc (CZE)"]
[Date "2011.08.06"]
[Round "3.11"]
[White "Marek, Matyas"]
[Black "Cagasik, Tomas"]
[Result "0-1"]
[WhiteElo "1866"]
[BlackElo "2255"]
[PlyCount "76"]
[EventDate "2011.08.04"]

1. Nf3 Nf6 2. g3 d5 3. c4 d4 4. d3 c5 5. Bg2 Nc6 6. O-O e5 7. e4 dxe3 8. Bxe3
Bf5 9. Qb3 Qb6 10. Qc3 Bd6 11. Nh4 Be6 12. Nd2 Rd8 13. Ne4 Nxe4 14. Bxe4 O-O
15. Nf5 Bc7 16. Qc1 Bxf5 17. Bxf5 Nb4 18. Qc3 g6 19. a3 Nc6 20. Be4 Kh8 21. b4
Nd4 22. bxc5 Qxc5 23. Bxd4 exd4 24. Qb4 b6 25. Qxc5 bxc5 26. Rab1 Rb8 27. Bc6
Ba5 28. Rb5 Rxb5 29. Bxb5 Rb8 30. Rd1 Rb6 31. Kg2 Kg7 32. g4 Kf6 33. Kf3 a6 34.
Ba4 Ke5 35. Rc1 Bc3 36. Rc2 Bb2 37. Be8 Bxa3 38. Bxf7 Rf6+ 0-1

[Event "Olomouc 2011 - Open Olomouc"]
[Site "Olomouc (CZE)"]
[Date "2011.08.06"]
[Round "3.12"]
[White "Drozdowski, Konrad"]
[Black "Miskulin, Dennis"]
[Result "0-1"]
[WhiteElo "1784"]
[BlackElo "2208"]
[PlyCount "114"]
[EventDate "2011.08.04"]

1. e4 c5 2. Nf3 e6 3. d4 cxd4 4. Nxd4 a6 5. c4 Nf6 6. Nc3 d6 7. Be3 Be7 8. Be2
Nbd7 9. O-O O-O 10. Qd2 Qc7 11. f3 b6 12. Rfc1 Bb7 13. a4 Ne5 14. Bf1 Rac8 15.
Qf2 Qb8 16. b3 Bd8 17. g4 Nfd7 18. Rd1 Re8 19. Qg3 Bc7 20. Qf2 Ng6 21. Nde2
Nde5 22. Bg2 Ba8 23. h4 h6 24. Bh3 Nxh4 25. f4 Nef3+ 26. Kf1 Bd8 27. Rd3 g5 28.
Bc1 e5 29. Rxf3 Nxf3 30. Qxf3 exf4 31. Ba3 Bf6 32. Rd1 Re6 33. Nd4 Bxd4 34.
Rxd4 Rce8 35. Bg2 Qd8 36. Qd1 Qf6 37. Bf3 Qg7 38. Nd5 Bxd5 39. Rxd5 h5 40. gxh5
g4 41. Bxg4 Rxe4 42. Bb4 Re3 43. Rxd6 a5 44. Qd5 R3e5 45. Rg6 Rxd5 46. Rxg7+
Kxg7 47. cxd5 axb4 48. Kf2 Kh6 49. Kf3 Kg5 50. Bd7 Re3+ 51. Kf2 Kxh5 52. Bc6
Rxb3 53. d6 Rd3 54. d7 b3 55. Ke2 Rd6 56. Bf3+ Kg5 57. Be4 Rxd7 0-1

[Event "Olomouc 2011 - Open Olomouc"]
[Site "Olomouc (CZE)"]
[Date "2011.08.06"]
[Round "3.13"]
[White "Zakharchenko, Arnold"]
[Black "Tokabayev, Alibek"]
[Result "1-0"]
[WhiteElo "2202"]
[BlackElo "1934"]
[PlyCount "28"]
[EventDate "2011.08.04"]

1. d4 Nf6 2. c4 e6 3. Nf3 Bb4+ 4. Bd2 Be7 5. Nc3 b6 6. g3 Bb7 7. Bg2 O-O 8. O-O
c5 9. d5 d6 10. e4 e5 11. Ne1 Kh8 12. Nd3 Re8 13. f4 exf4 14. g4 Bf8 1-0

[Event "Olomouc 2011 - Open Olomouc"]
[Site "Olomouc (CZE)"]
[Date "2011.08.06"]
[Round "3.14"]
[White "Gunajew, Rafal"]
[Black "Alfimov, Igor"]
[Result "1-0"]
[WhiteElo "2258"]
[BlackElo "1826"]
[PlyCount "70"]
[EventDate "2011.08.04"]

1. e4 e5 2. Nf3 Nc6 3. Nc3 Nf6 4. Bb5 Bb4 5. O-O O-O 6. d3 d6 7. Bg5 Bxc3 8.
bxc3 Qe7 9. Re1 Nd8 10. d4 Ne6 11. Bc1 Rd8 12. Bf1 c6 13. g3 Qc7 14. Bg2 h6 15.
Nh4 d5 16. exd5 Nxd5 17. dxe5 Nxc3 18. Qf3 Nb5 19. c3 Qa5 20. Bxh6 Qxc3 21. Qg4
Qd4 22. Be4 Nc3 23. Rac1 Kf8 24. Nf3 Qb4 25. Bd2 Nd4 26. Qg5 Nce2+ 27. Kg2 Qb6
28. Rb1 Qc7 29. Bb4+ Kg8 30. Qh4 Nf5 31. Bxf5 Bxf5 32. Bd6 Qd7 33. Rb3 Qe6 34.
Re3 Rd7 35. R1xe2 Re8 1-0

[Event "Olomouc 2011 - Seniors Open"]
[Site "Olomouc (CZE)"]
[Date "2011.08.06"]
[Round "3.1"]
[White "Zoltek, Tadeusz"]
[Black "Golcman, Evgeny"]
[Result "1/2-1/2"]
[WhiteElo "2163"]
[BlackElo "2291"]
[PlyCount "132"]
[EventDate "2011.08.04"]

1. c4 c5 2. Nc3 Nf6 3. g3 g6 4. Bg2 Bg7 5. Nf3 d5 6. cxd5 Nxd5 7. O-O O-O 8.
Nxd5 Qxd5 9. d3 Nc6 10. Be3 Bxb2 11. Rb1 Bg7 12. Nd4 Qxa2 13. Nxc6 bxc6 14.
Bxc6 Bg4 15. Bxa8 Rxa8 16. Qb3 Qxb3 17. Rxb3 Bxe2 18. Re1 c4 19. dxc4 Bxc4 20.
Rb7 a6 21. Rxe7 h5 22. Bb6 Be6 23. Ra7 Rxa7 24. Bxa7 a5 25. Re4 Bb3 26. Bd4 a4
27. Re8+ Kh7 28. Bxg7 Kxg7 29. Ra8 g5 30. Ra5 Kg6 31. Kf1 f6 32. Ke2 g4 33. Ke3
Bd1 34. Kd4 Bb3 35. Kc5 Kf5 36. Kd4+ Kg6 37. Ke4 Bd1 38. Kf4 Bb3 39. f3 gxf3
40. Kxf3 Bd1+ 41. Kf4 Bc2 42. Ra6 Bd1 43. Ra5 Bb3 44. Ke3 Bd1 45. Kd3 Bb3 46.
Kd2 Kh6 47. h3 Be6 48. h4 Bb3 49. Kc3 Kg6 50. Kb4 Bc2 51. Ka3 Bd1 52. Kb2 Bb3
53. Kc1 Kh6 54. Rf5 Kg6 55. Rb5 Bc4 56. Rb4 Bb3 57. Kd2 Kh6 58. Rb6 Kg6 59. Ra6
Kf5 60. Ke3 Kg4 61. Kf2 Kf5 62. Kf3 Bd1+ 63. Ke3 Bb3 64. Ra5+ Kg6 65. Kd4 Bc2
66. Rc5 Bb3 1/2-1/2

[Event "Olomouc 2011 - Seniors Open"]
[Site "Olomouc (CZE)"]
[Date "2011.08.06"]
[Round "3.2"]
[White "Sejkora, Vlastimil"]
[Black "Laszkiewicz, Jerzy"]
[Result "1-0"]
[WhiteElo "2212"]
[BlackElo "1958"]
[PlyCount "51"]
[EventDate "2011.08.04"]

1. e4 c5 2. Nf3 Nc6 3. Bb5 g6 4. O-O Bg7 5. c3 e5 6. d3 Nge7 7. Be3 d6 8. d4
cxd4 9. cxd4 O-O 10. d5 Nb8 11. Nc3 Bg4 12. Be2 f5 13. Ng5 Bxe2 14. Qxe2 Qd7
15. Ne6 Rc8 16. f3 b6 17. Rac1 a6 18. Bxb6 Qb7 19. Na4 Nd7 20. Bc7 Bh6 21. Rc4
Kf7 22. Rd1 Nf6 23. Bxd6 Rxc4 24. Qxc4 Rc8 25. Qd3 Qa7+ 26. Bc5 1-0

[Event "Olomouc 2011 - Seniors Open"]
[Site "Olomouc (CZE)"]
[Date "2011.08.06"]
[Round "3.3"]
[White "Gosek, Zenon"]
[Black "Travnicek, Petr"]
[Result "1/2-1/2"]
[WhiteElo "2059"]
[BlackElo "2166"]
[PlyCount "48"]
[EventDate "2011.08.04"]

1. e4 c5 2. Nf3 d6 3. d4 cxd4 4. Nxd4 Nf6 5. Nc3 e5 6. Nf3 a6 7. Be2 Be7 8. O-O
O-O 9. h3 h6 10. Be3 Be6 11. Qd2 Nbd7 12. a4 Rc8 13. Rfd1 Qc7 14. Rac1 Nc5 15.
Bd3 Qc6 16. Bxc5 Qxc5 17. Ne2 Qc6 18. Nc3 Rfd8 19. Qe3 Qc7 20. Rd2 d5 21. exd5
Nxd5 22. Nxd5 Rxd5 23. Rcd1 Rcd8 24. c4 Ra5 1/2-1/2

[Event "Olomouc 2011 - Valoz Cup"]
[Site "Olomouc (CZE)"]
[Date "2011.08.11"]
[Round "9"]
[White "Drozdowski, Kacper"]
[Black "Arutinian, David"]
[Result "0-1"]
[WhiteElo "2311"]
[BlackElo "2562"]
[PlyCount "92"]
[EventDate "2011.08.03"]

1. e4 Nc6 2. d4 d5 3. e5 h5 4. c3 Bf5 5. Bd3 Qd7 6. Nf3 Bxd3 7. Qxd3 e6 8. O-O
O-O-O 9. b4 f6 10. exf6 gxf6 11. Nbd2 Qh7 12. Qe2 Re8 13. Nb3 h4 14. h3 Bd6 15.
b5 Nd8 16. a4 Ne7 17. Ba3 Bxa3 18. Rxa3 Reg8 19. Nc5 Qf5 20. Kh1 Ng6 21. Nd3
Nf7 22. b6 cxb6 23. a5 b5 24. a6 b6 25. Re1 Re8 26. Raa1 Nd6 27. Nd2 Qh5 28.
Qxh5 Rxh5 29. Rab1 Kd7 30. Rb4 Rc8 31. Re3 Nc4 32. Nxc4 bxc4 33. Ne1 Nf4 34.
Rb2 Rg8 35. Kh2 e5 36. dxe5 fxe5 37. Rd2 Kc6 38. Nf3 Rxg2+ 39. Kh1 Kd6 40. Re4
Rxf2 41. Rxf4 Rxd2 42. Rf6+ Ke7 43. Rg6 Ra2 44. Rg7+ Kd6 45. Rxa7 Rf5 46. Ng1
Rff2 0-1

[Event "Olomouc 2011 - Valoz Cup"]
[Site "Olomouc (CZE)"]
[Date "2011.08.11"]
[Round "9"]
[White "Butkiewicz, Lukasz"]
[Black "Kalinitschew, Sergey"]
[Result "1/2-1/2"]
[WhiteElo "2435"]
[BlackElo "2431"]
[PlyCount "31"]
[EventDate "2011.08.03"]

1. e4 c5 2. Nf3 Nc6 3. d4 cxd4 4. Nxd4 e5 5. Nb5 d6 6. c4 Be7 7. N1c3 a6 8. Na3
f5 9. exf5 Bxf5 10. Bd3 Be6 11. O-O Nf6 12. Nc2 O-O 13. Ne3 Qd7 14. b3 Rae8 15.
Bb2 Bd8 16. Qd2 1/2-1/2

[Event "Olomouc 2011 - Valoz Cup"]
[Site "Olomouc (CZE)"]
[Date "2011.08.11"]
[Round "9"]
[White "Zilka, Stepan"]
[Black "Dobrowolski, Piotr"]
[Result "1-0"]
[WhiteElo "2506"]
[BlackElo "2423"]
[PlyCount "187"]
[EventDate "2011.08.03"]

1. d4 d5 2. Nf3 Nf6 3. c4 c6 4. Nc3 a6 5. c5 Nbd7 6. Bf4 Nh5 7. Bd2 Nhf6 8. Bf4
Nh5 9. Bd2 Nhf6 10. Rc1 g6 11. h3 Qc7 12. g3 Bg7 13. Bf4 Qd8 14. Bg2 O-O 15.
O-O Nh5 16. Bg5 f6 17. Bd2 f5 18. Na4 e5 19. dxe5 Nxe5 20. Nxe5 Bxe5 21. e3 Be6
22. Bc3 Bxc3 23. Nxc3 Qe7 24. b4 Nf6 25. Qd4 Ne4 26. a4 Rf7 27. Ne2 Bd7 28. Nf4
g5 29. Nh5 Re8 30. Rfe1 Qe6 31. f3 Nf6 32. Nxf6+ Qxf6 33. Qxf6 Rxf6 34. f4 h6
35. b5 axb5 36. axb5 cxb5 37. Bxd5+ Kg7 38. Bxb7 Bc6 39. Bxc6 Rxc6 40. Rc3 gxf4
41. gxf4 Rec8 42. Rec1 b4 43. Rc4 b3 44. Kf2 b2 45. Rb1 Rxc5 46. Rxc5 Rxc5 47.
Rxb2 Rc1 48. Rb7+ Kg6 49. Rb6+ Kg7 50. Kg3 Rc3 51. Re6 Kf7 52. Re5 Kg6 53. Kh4
Rc6 54. Re8 Kf7 55. Ra8 Re6 56. Ra3 Kg6 57. Rd3 Rc6 58. Rd1 Re6 59. Re1 Re8 60.
Rg1+ Kf6 61. Re1 Kg6 62. Kg3 Kf6 63. Kf3 Rd8 64. Ke2 Rd6 65. Rb1 Kg6 66. Rg1+
Kf6 67. h4 Ke7 68. h5 Ra6 69. Rd1 Ke6 70. Rb1 Kf6 71. Kf2 Ra7 72. Rb6+ Kg7 73.
Rg6+ Kh7 74. Rf6 Ra5 75. Kf3 Kg7 76. Rg6+ Kh7 77. Re6 Ra7 78. Rf6 Ra5 79. Rf7+
Kg8 80. Re7 Ra6 81. Re5 Rf6 82. Ke2 Kf7 83. Rc5 Kg7 84. Rd5 Rf8 85. Kd3 Rf7 86.
Kd4 Rf8 87. Rd7+ Kg8 88. Rd6 Kg7 89. Ke5 Re8+ 90. Re6 Rf8 91. Re7+ Kg8 92. Kd6
Ra8 93. Ke6 Ra6+ 94. Kxf5 1-0

[Event "Olomouc 2011 - Valoz Cup"]
[Site "Olomouc (CZE)"]
[Date "2011.08.11"]
[Round "9"]
[White "Krivoborodov, Egor"]
[Black "Antipov, Mikhail Al"]
[Result "1/2-1/2"]
[WhiteElo "2507"]
[BlackElo "2407"]
[PlyCount "74"]
[EventDate "2011.08.03"]

1. e4 c5 2. Nf3 d6 3. d4 cxd4 4. Nxd4 Nf6 5. Nc3 a6 6. Bg5 e6 7. f4 Qb6 8. Qd3
Qxb2 9. Rb1 Qa3 10. f5 Be7 11. Be2 Qa5 12. Bd2 Qc7 13. fxe6 fxe6 14. g4 h6 15.
Qh3 O-O 16. g5 hxg5 17. Nxe6 Qc6 18. Qf5 b5 19. h4 g4 20. h5 Qe8 21. Nd5 Nc6
22. h6 g6 23. Nxe7+ Nxe7 24. Qxf6 Rxf6 25. h7+ Kh8 26. Bc3 Qf7 27. Rf1 Qxe6 28.
Rxf6 Kxh7 29. Rxe6 Bxe6 30. Kd2 Kg8 31. Rh1 Rf8 32. Ke3 g3 33. Bb4 g2 34. Rg1
Bh3 35. Bxd6 Rf1 36. Bxf1 gxf1=Q 37. Rxf1 Bxf1 1/2-1/2

[Event "Olomouc 2011 - Prima Pack Cup"]
[Site "Olomouc (CZE)"]
[Date "2011.08.11"]
[Round "9"]
[White "Biolek, Richard Jr"]
[Black "Simantsev, Mikhail"]
[Result "0-1"]
[WhiteElo "2409"]
[BlackElo "2558"]
[PlyCount "54"]
[EventDate "2011.08.03"]

1. e4 c5 2. Nf3 e6 3. Qe2 Nc6 4. g3 d6 5. Bg2 e5 6. O-O g6 7. c3 Bg7 8. d4 exd4
9. cxd4 cxd4 10. Na3 Nge7 11. Bf4 Bg4 12. Nb5 O-O 13. Qd2 Bxf3 14. Bxf3 a6 15.
Na3 Ne5 16. Bg2 Rc8 17. Rad1 b5 18. Qxd4 Nf3+ 19. Bxf3 Bxd4 20. Rxd4 Nc6 21.
Rxd6 Qe7 22. Rfd1 Ne5 23. Bg2 b4 24. Nb1 g5 25. Bxe5 Qxe5 26. a3 Qxb2 27. axb4
Rc1 0-1

[Event "Olomouc 2011 - Prima Pack Cup"]
[Site "Olomouc (CZE)"]
[Date "2011.08.11"]
[Round "9"]
[White "Stachowiak, Kamil"]
[Black "Oparin, Grigoriy"]
[Result "0-1"]
[WhiteElo "2436"]
[BlackElo "2356"]
[PlyCount "78"]
[EventDate "2011.08.03"]

1. d4 d5 2. Nf3 Nf6 3. c4 e6 4. Nc3 Be7 5. Bg5 h6 6. Bh4 O-O 7. e3 b6 8. Bd3
Bb7 9. O-O Nbd7 10. Qe2 c5 11. Bg3 Ne4 12. cxd5 exd5 13. Rad1 Qc8 14. Rc1 Rd8
15. Bf4 Ndf6 16. Rfd1 Qe6 17. Nb5 Ne8 18. h3 c4 19. Bb1 a6 20. Nc7 Nxc7 21.
Bxc7 Rdc8 22. Bf4 b5 23. Ne5 a5 24. f3 Nf6 25. g4 Re8 26. h4 Bf8 27. h5 a4 28.
a3 b4 29. axb4 a3 30. bxa3 Rxa3 31. Kh2 Bd6 32. Rg1 Bc8 33. Qc2 Kf8 34. Rg3 Nd7
35. Nxd7+ Bxd7 36. Bxd6+ Qxd6 37. Qh7 Rexe3 38. Kg2 Re2+ 39. Kh3 Rxf3 0-1

[Event "Olomouc 2011 - Prima Pack Cup"]
[Site "Olomouc (CZE)"]
[Date "2011.08.11"]
[Round "9"]
[White "Gavrilov, Alexei"]
[Black "Wieczorek, Oskar"]
[Result "1-0"]
[WhiteElo "2481"]
[BlackElo "2374"]
[PlyCount "209"]
[EventDate "2011.08.03"]

1. d4 g6 2. e4 d6 3. Nc3 Nf6 4. h3 c6 5. Be3 Nbd7 6. Nf3 Bg7 7. a4 O-O 8. Be2
e5 9. dxe5 dxe5 10. Nd2 Qe7 11. Nc4 Nc5 12. Qd6 Qxd6 13. Nxd6 Ne6 14. Bc4 Nd4
15. O-O-O Ne8 16. Nxc8 Rxc8 17. f4 Rd8 18. Rhf1 exf4 19. Bxf4 Nd6 20. Bd3 Rfe8
21. Rde1 Be5 22. Bg5 Rd7 23. Ne2 Ne6 24. Be3 a6 25. Rd1 Kg7 26. c3 Ree7 27. Nd4
f6 28. Kc2 Ng5 29. Bxg5 fxg5 30. Nf3 Bf4 31. Rde1 Nf7 32. Bc4 Nd6 33. Bd3 Nf7
34. Rd1 Ne5 35. Nxe5 Bxe5 36. a5 h5 37. Bc4 Bf4 38. Rxd7 Rxd7 39. Rf2 h4 40.
Be6 Re7 41. Bc8 Rc7 42. Bg4 Kf6 43. Kd3 Ke5 44. Rf1 Re7 45. b4 Re8 46. Kc4 Rd8
47. Re1 Bg3 48. Re2 Bh2 49. Re3 Bf4 50. Re2 Bh2 51. Bf3 Rd7 52. Rb2 Rd6 53. Rf2
Rd8 54. Rf1 Bf4 55. Rf2 Bh2 56. Re2 Rd7 57. Kb3 Bf4 58. Re1 Bg3 59. Rf1 Rd8 60.
Kc4 Bf4 61. Rb1 Rd7 62. Rb2 Rd8 63. Re2 Bh2 64. Bg4 Bg1 65. Re1 Bh2 66. Kc5 Bg3
67. Re2 Rf8 68. Kb6 Rf7 69. c4 Kd4 70. Bc8 Bc7+ 71. Kxb7 Bxa5+ 72. Kxc6 Bxb4
73. e5 Re7 74. e6 a5 75. Kb5 Rc7 76. Bd7 Rc5+ 77. Kb6 Rxc4 78. e7 Bc5+ 79. Kxa5
Bxe7 80. Rxe7 Rc2 81. Rg7 Rxg2 82. Rxg6 Ke5 83. Kb4 Rd2 84. Bg4 Kf4 85. Rf6+
Kg3 86. Rf3+ Kg2 87. Rf5 Rd8 88. Rxg5 Kg3 89. Kc3 Rd6 90. Rf5 Rd8 91. Rf3+ Kg2
92. Kc4 Rd2 93. Ra3 Kf2 94. Kc5 Rd8 95. Be6 Rd2 96. Bd5 Rd1 97. Kd6 Re1 98.
Rf3+ Kg1 99. Rd3 Kf2 100. Be6 Re3 101. Rd4 Kg3 102. Rg4+ Kf3 103. Rxh4 Re1 104.
Ra4 Re2 105. Bd5+ 1-0

[Event "Olomouc 2011 - Winsoft Company Cup"]
[Site "Olomouc (CZE)"]
[Date "2011.08.11"]
[Round "9"]
[White "Dmitrenko, Viktor"]
[Black "Poznanska, Katarzyna"]
[Result "1-0"]
[WhiteElo "2353"]
[BlackElo "2068"]
[PlyCount "79"]
[EventDate "2011.08.03"]

1. c4 Nf6 2. Nc3 g6 3. g3 Bg7 4. Bg2 O-O 5. e3 d6 6. Nge2 Nc6 7. O-O Rb8 8. a3
e5 9. d3 Ne7 10. b4 c6 11. Bb2 Nh5 12. d4 f5 13. c5 e4 14. cxd6 Qxd6 15. a4 g5
16. b5 Qg6 17. Ba3 f4 18. Bxe4 Bf5 19. Qb1 Nf6 20. Bxf5 Nxf5 21. Bxf8 Rxf8 22.
exf4 Ng4 23. h3 Ngh6 24. fxg5 Qxg5 25. Ne4 Qe7 26. Qd3 Rd8 27. bxc6 bxc6 28.
Qc4+ Nf7 29. Qxc6 Nxd4 30. Nxd4 Bxd4 31. Rad1 Ne5 32. Qf6 Qxf6 33. Nxf6+ Kg7
34. Nh5+ Kf7 35. Nf4 Rb8 36. Kg2 Bb6 37. Nd5 Bc5 38. Rb1 Rd8 39. Rbd1 Rd7 40.
f4 1-0

[Event "Olomouc 2011 - Winsoft Company Cup"]
[Site "Olomouc (CZE)"]
[Date "2011.08.11"]
[Round "9"]
[White "Moritz, Aron"]
[Black "Obsivac, Josef"]
[Result "1-0"]
[WhiteElo "2091"]
[BlackElo "2273"]
[PlyCount "119"]
[EventDate "2011.08.03"]

1. e4 c5 2. Nf3 Nc6 3. d4 cxd4 4. Nxd4 Qb6 5. Nb3 Nf6 6. Nc3 e6 7. Be3 Qc7 8.
f3 Bb4 9. Qd2 d5 10. a3 Bxc3 11. Qxc3 dxe4 12. fxe4 O-O 13. Bd3 Qe5 14. Qxe5
Nxe5 15. O-O Bd7 16. Bd4 Nxd3 17. cxd3 Bb5 18. Rf3 Rfd8 19. a4 Bxd3 20. Rxd3 e5
21. Rad1 exd4 22. Rxd4 Rxd4 23. Rxd4 Re8 24. Nd2 Kf8 25. h3 Re6 26. Kf2 Ke7 27.
Ke3 h5 28. Nb1 Rb6 29. b4 Rc6 30. Kd3 Nd7 31. Nc3 Ne5+ 32. Kd2 Nc4+ 33. Kd3
Nb2+ 34. Kd2 Ke6 35. Rd5 h4 36. Nb5 Rc4 37. Nd4+ Kf6 38. a5 Rc7 39. Ke3 Nc4+
40. Kf4 a6 41. Nf3 Na3 42. Nxh4 Nb5 43. Nf3 g6 44. g4 Ke7 45. h4 Nc3 46. Re5+
Kf6 47. Re8 Rc4 48. Ng5 Nd5+ 49. Kf3 Rc3+ 50. Kf2 Rc2+ 51. Ke1 Nxb4 52. e5+ Kg7
53. Re7 Rc5 54. Rxf7+ Kg8 55. e6 Nc6 56. Kf2 Re5 57. Rxb7 Nxa5 58. Rf7 Nc6 59.
Rc7 Nb4 60. e7 1-0

[Event "Olomouc 2011 - Winsoft Company Cup"]
[Site "Olomouc (CZE)"]
[Date "2011.08.11"]
[Round "9"]
[White "Yuffa, Daniil"]
[Black "Biolek, Richard"]
[Result "1/2-1/2"]
[WhiteElo "2302"]
[BlackElo "2478"]
[PlyCount "20"]
[EventDate "2011.08.03"]

1. Nf3 d6 2. g3 e5 3. Bg2 c5 4. O-O Nc6 5. d3 f5 6. c4 Nf6 7. Bg5 Be7 8. Nc3
O-O 9. Ne1 Ng4 10. Bxe7 Qxe7 1/2-1/2

[Event "Olomouc 2011 - Ceska pojistovna Cup"]
[Site "Olomouc (CZE)"]
[Date "2011.08.11"]
[Round "9"]
[White "Aripov, Iskandar"]
[Black "Mackowiak, Marek"]
[Result "1/2-1/2"]
[WhiteElo "2123"]
[BlackElo "2236"]
[PlyCount "104"]
[EventDate "2011.08.03"]

1. d4 d5 2. c4 c6 3. Nf3 Nf6 4. e3 e6 5. Nbd2 c5 6. b3 cxd4 7. exd4 Nc6 8. Bb2
Be7 9. Bd3 O-O 10. O-O b6 11. Ne5 Bb7 12. Ndf3 dxc4 13. bxc4 Nxe5 14. Nxe5 Qc7
15. Qe2 Rad8 16. f4 Nd7 17. Rad1 g6 18. Ng4 h5 19. f5 hxg4 20. fxe6 f5 21. exd7
Qxd7 22. d5 Bc5+ 23. Kh1 Rfe8 24. Qd2 Qf7 25. Bxf5 Be3 26. Bxg6 Qxg6 27. Qc3
Qh7 28. Rf5 Bh6 29. Rh5 Bg7 30. Rg5 Rd7 31. Rf1 Rf8 32. Qe1 Rxf1+ 33. Qxf1 Qe4
34. Qa1 Qxc4 35. Bxg7 Rxd5 36. Be5+ Kf8 37. Bg7+ Kg8 38. Be5+ Kf8 39. Bd6+ Rxd6
40. Qh8+ Ke7 41. Rg7+ Ke6 42. Qe8+ Kf5 43. Qh5+ Ke6 44. Qf7+ Ke5 45. Rg5+ Kd4
46. Rxg4+ Ke3 47. Rg3+ Kd4 48. Rg4+ Ke3 49. Qe7+ Qe6 50. Qg5+ Ke2 51. Qb5+ Rd3
52. Rg3 Qe4 1/2-1/2

[Event "Olomouc 2011 - Ceska pojistovna Cup"]
[Site "Olomouc (CZE)"]
[Date "2011.08.11"]
[Round "9"]
[White "Michalczak, Thomas"]
[Black "Vrana, Jan"]
[Result "0-1"]
[WhiteElo "2325"]
[BlackElo "2306"]
[PlyCount "140"]
[EventDate "2011.08.03"]

1. e4 e5 2. Nf3 Nc6 3. Bb5 Nge7 4. Nc3 d6 5. d4 Bd7 6. d5 Nb8 7. Bxd7+ Nxd7 8.
Be3 Ng6 9. Qd2 Be7 10. O-O-O O-O 11. Kb1 Nh4 12. Nxh4 Bxh4 13. Rc1 h6 14. g3
Be7 15. Rhg1 a6 16. f4 f5 17. exf5 Rxf5 18. g4 Rf7 19. f5 Nf8 20. Ne4 Nh7 21.
Rg3 Bh4 22. Rh3 Bg5 23. Bxg5 Nxg5 24. Nxg5 Qxg5 25. Qxg5 hxg5 26. Rh5 Rf6 27.
Rxg5 Rh6 28. Rh1 Kf7 29. h4 Kf6 30. Rg6+ Rxg6 31. fxg6 Kxg6 32. Rf1 Rh8 33. h5+
Kg5 34. Rf7 Rg8 35. Rxc7 Kxg4 36. Kc1 Kxh5 37. Kd2 g5 38. Ke3 g4 39. Kf2 g3+
40. Kg2 Kg4 41. Rxb7 e4 42. Rf7 Rc8 43. c3 Rc5 44. Rg7+ Kf4 45. Rxg3 Rxd5 46.
Rg6 Rd2+ 47. Kf1 Rxb2 48. Rxd6 Rxa2 49. Rh6 a5 50. Rh4+ Kf3 51. Rh3+ Kg4 52.
Rh8 a4 53. c4 Rc2 54. Ke1 Rxc4 55. Ke2 Kf4 56. Kd2 Rd4+ 57. Ke2 Rb4 58. Rf8+
Ke5 59. Ke3 Rb3+ 60. Kd2 e3+ 61. Ke2 Rc3 62. Ra8 a3 63. Ra4 Kd5 64. Kd1 Kc5 65.
Ke2 Kb5 66. Ra8 Kc4 67. Kd1 Kb3 68. Rb8+ Ka2 69. Rb7 Rb3 70. Rc7 e2+ 0-1

[Event "Olomouc 2011 - Open Olomouc"]
[Site "Olomouc (CZE)"]
[Date "2011.08.11"]
[Round "9.4"]
[White "Kireev, Aleksei"]
[Black "Gunajew, Rafal"]
[Result "1-0"]
[WhiteElo "2360"]
[BlackElo "2258"]
[PlyCount "95"]
[EventDate "2011.08.04"]

1. d4 d5 2. Bg5 c6 3. c3 h6 4. Bh4 Qb6 5. Qb3 Bf5 6. Nd2 Nd7 7. Ngf3 e6 8. e3
Ngf6 9. Be2 Bd6 10. Bg3 Bxg3 11. hxg3 Qxb3 12. axb3 Bg4 13. b4 Bxf3 14. gxf3
Ke7 15. b5 Rhc8 16. bxc6 Rxc6 17. Ra2 a6 18. Nb3 Rac8 19. Kd2 h5 20. Na5 R6c7
21. Raa1 g6 22. Bd3 Ne8 23. Rhc1 Nd6 24. Nb3 Nc4+ 25. Kc2 Rc6 26. Nd2 Nxd2 27.
Kxd2 Rh8 28. e4 Nb6 29. b4 Nc4+ 30. Bxc4 Rxc4 31. exd5 exd5 32. Ra5 Kd6 33. b5
axb5 34. Rxb5 Rc7 35. Rcb1 g5 36. Rb6+ Kd7 37. R1b5 h4 38. Rxd5+ Kc8 39. Rxg5
h3 40. Rb1 b6 41. Rh1 Ra7 42. g4 Ra2+ 43. Ke3 f6 44. Rh5 Re8+ 45. Kf4 Rxf2 46.
R1xh3 Kb7 47. Rh7+ Ka6 48. Rc7 1-0

[Event "Olomouc 2011 - Open Olomouc"]
[Site "Olomouc (CZE)"]
[Date "2011.08.11"]
[Round "9.5"]
[White "Rjabzev, Konstantin"]
[Black "Sikora-Lerch, Jan"]
[Result "1/2-1/2"]
[WhiteElo "2271"]
[BlackElo "2210"]
[PlyCount "22"]
[EventDate "2011.08.04"]

1. e4 d5 2. exd5 Nf6 3. d4 Nxd5 4. Nf3 Bg4 5. Be2 e6 6. h3 Bh5 7. O-O Nc6 8. c3
Bd6 9. Ne5 Bxe2 10. Qxe2 Bxe5 11. dxe5 Qh4 1/2-1/2

[Event "Olomouc 2011 - Open Olomouc"]
[Site "Olomouc (CZE)"]
[Date "2011.08.11"]
[Round "9.6"]
[White "Vanek, Ladislav"]
[Black "De Marchi, Olivier"]
[Result "0-1"]
[WhiteElo "2209"]
[BlackElo "2267"]
[PlyCount "66"]
[EventDate "2011.08.04"]

1. d4 Nf6 2. c4 g6 3. Nc3 Bg7 4. e4 d6 5. f4 O-O 6. Be2 c5 7. d5 e6 8. Nf3 exd5
9. cxd5 Bg4 10. O-O Nbd7 11. h3 Bxf3 12. Bxf3 Re8 13. Re1 Qa5 14. g4 h6 15. h4
h5 16. g5 Ng4 17. e5 dxe5 18. Bxg4 hxg4 19. Qxg4 exf4 20. Rxe8+ Rxe8 21. Qxd7
Re1+ 22. Kf2 Bxc3 23. Bd2 Bxd2 24. Rxe1 Bxe1+ 25. Kf1 Bg3 26. Qe8+ Kg7 27. Qe5+
Kh7 28. Qe7 Qb5+ 29. Kg1 Qxb2 30. Qxf7+ Qg7 31. Qxg7+ Kxg7 32. h5 gxh5 33. d6
Bh4 0-1

[Event "Olomouc 2011 - Open Olomouc"]
[Site "Olomouc (CZE)"]
[Date "2011.08.11"]
[Round "9.7"]
[White "Chudinovskikh, Alexander M"]
[Black "Hobusch, Alexander"]
[Result "1/2-1/2"]
[WhiteElo "2302"]
[BlackElo "2133"]
[PlyCount "67"]
[EventDate "2011.08.04"]

1. e4 e6 2. d3 d5 3. Nd2 Nf6 4. Ngf3 dxe4 5. dxe4 Bc5 6. Bc4 Nbd7 7. O-O e5 8.
b3 O-O 9. Bb2 Qe7 10. a4 a5 11. Bd3 Ne8 12. Nc4 f6 13. Qe2 Nb6 14. Ne3 Nd6 15.
Rad1 Be6 16. Rfe1 Rfd8 17. Nh4 c6 18. Nhf5 Nxf5 19. Nxf5 Qf7 20. g4 Nd7 21. h4
Kh8 22. Kh2 Nf8 23. h5 g6 24. Ng3 g5 25. Nf5 Rd7 26. Bc3 b6 27. Rd2 Rad8 28.
Red1 Ba3 29. Kg2 Bc5 30. f3 Bxb3 31. Nh6 Qg7 32. Nf5 Qf7 33. Nh6 Qg7 34. Nf5
1/2-1/2

[Event "Olomouc 2011 - Open Olomouc"]
[Site "Olomouc (CZE)"]
[Date "2011.08.11"]
[Round "9.8"]
[White "Sochorova, Petra"]
[Black "Rojicek, Vojtech"]
[Result "0-1"]
[WhiteElo "2204"]
[BlackElo "2396"]
[PlyCount "76"]
[EventDate "2011.08.04"]

1. e4 c5 2. Nf3 d6 3. d4 cxd4 4. Nxd4 Nf6 5. Nc3 Nc6 6. Be3 e5 7. Nf3 h6 8. Bc4
Be7 9. O-O O-O 10. Qe2 Be6 11. Rfd1 Rc8 12. Bd5 a6 13. Bxc6 bxc6 14. Qxa6 Qc7
15. Bb6 Qb8 16. a4 d5 17. exd5 cxd5 18. Qa7 Qxa7 19. Bxa7 d4 20. Nb5 Nd7 21. c3
d3 22. Re1 Bb3 23. Nfd4 exd4 24. Rxe7 Rfe8 25. Nxd4 Rxe7 26. Nxb3 Re2 27. Rd1
Rxb2 28. Nd4 Rxc3 29. Nb5 Rcb3 30. Kf1 Ne5 31. Ke1 Re2+ 32. Kf1 Reb2 33. Bd4
Rb1 34. Ke1 Rxd1+ 35. Kxd1 Nc4 36. Kc1 d2+ 37. Kc2 Rb1 38. Nc3 Rc1+ 0-1